000 01053nam a2200265Ia 4500
003 OSt
005 20221005105348.0
006 a|||||r|||| 00| 0
007 ta
008 221004b |||||||| |||| 00| 0 hin d
020 _a9788189531225 (hbk)
_cINR 400.00
024 _a42426
037 _b1424, 11/03/2019, Shivanjali Prakashan & Book Seller
_cTextual
040 _aCRL
_cCRL
_bhin
041 _2hin
_ahin
082 _aY15:7:7, 152Q5
100 _aकालरा, विनोद, ले.
245 0 _aस्त्री सशक्तीकरण
_b विविध परिप्रेक्ष्य
246 _aStrī sashaktīkaraṇa: vividh pariprekṣhya
260 _aनई दिल्ली
_bतेज प्रकाशन भारत
_c2015
300 _a184पृ0
_ccm.
650 _aमहिला सशक्तिकरण
942 _hY15:7:7, 152Q5
_cTEXL
_2cc
999 _c1015600
_d1015600